| 000 | 01040cam a2200301 i 4500 | ||
|---|---|---|---|
| 001 | 883280 | ||
| 003 | ARRUPE | ||
| 005 | 20150414170443.0 | ||
| 008 | 800610s1981 nyu b 001 0 eng | ||
| 010 | _a 80036735 | ||
| 020 | _a0195027906 | ||
| 020 | _a0195027892 (college ed.) | ||
| 040 |
_aDLC _cDLC _dDLC |
||
| 050 | 0 | 0 |
_aR723 _b.P3813 |
| 060 | _aW50 P386p | ||
| 082 | 0 | 0 | _a610/.1 |
| 100 | 1 |
_aPellegrino, Edmund D., _d1920- _917117 |
|
| 245 | 1 | 2 |
_aA philosophical basis of medical practice : _btoward a philosophy and ethic of the healing professions / _cEdmund D. Pellegrino, David C. Thomasma. |
| 260 |
_aNew York : _bOxford University Press, _c1981. |
||
| 300 |
_axvii, 341 p. ; _c22 cm. |
||
| 504 | _aIncludes bibliographical references and index. | ||
| 650 | 0 |
_aMedicine _xPhilosophy. _917118 |
|
| 650 | 2 |
_aEthics, Medical. _917119 |
|
| 650 | 2 |
_aPhilosophy, Medical. _92559 |
|
| 700 | 1 |
_aThomasma, David C., _d1939- _ejoint author. _917120 |
|
| 906 |
_a7 _bcbc _corignew _du _eocip _f19 _gy-gencatlg |
||
| 942 |
_2lcc _cMONOGRAPH |
||
| 999 |
_c122640 _d122640 |
||